| 000 | 00591nam a2200181 a 4500 | ||
|---|---|---|---|
| 001 | 000041724 | ||
| 005 | 20201002035723.0 | ||
| 008 | 131016s1981 sp a 000 0 spa d | ||
| 020 | _a8435204766 | ||
| 040 |
_aDO-SdBNP _bspa _cBNPHU |
||
| 082 |
_axxxx _bxxxx |
||
| 100 | 1 |
_aFerrandiz, V. L, _968557 |
|
| 245 | 1 | 0 |
_aIridodiagnosis : _bdisquisiciones y ensayos sobre el diagnóstico por el iris / _cV. L. Ferrandiz. |
| 250 | _a3a ed. | ||
| 260 |
_aBarcelona : _bCedel, _c1981. |
||
| 300 |
_a810 p. : _bil. ; _c24 cm. |
||
| 504 | _aIncluye referencias bibligráficas y notas al pie de las páginas | ||
| 999 |
_c41213 _d41213 |
||